| 000 | 00453nam a22001457a 4500 | ||
|---|---|---|---|
| 003 | macl | ||
| 005 | 20200920161604.0 | ||
| 008 | 200920b xxu||||| |||| 00| 0 eng d | ||
| 040 | _cmacl | ||
| 100 |
_aकण्णन लक्ष्मी _979701 |
||
| 245 | _aघर चलो न | ||
| 260 |
_aशहादरा दिल्ली _bसूरज प्रकाशन _c२०१९ |
||
| 650 |
_aउपंयास _966786 |
||
| 942 |
_2ddc _cHIN |
||
| 999 |
_c63320 _d63320 |
||